Missing Word: Jobs in Movie Titles Quiz Stats

 Plays Quiz Updated Feb 19, 2015

Challenge
Share
Tweet
Embed
Score 0/14 Timer 02:00
0 Plays Today
Movie Title Missing Job % Correct
_____ DolittleDoctor
96.9%
The Nutty _____Professor
95.5%
Coal _____'s DaughterMiner
93.5%
An _____ and a GentlemanOfficer
86.9%
The Dark _____ RisesKnight
86.8%
The Jazz _____Singer
86.1%
The _____ Always Rings TwicePostman
79.6%
Movie Title Missing Job % Correct
Sweeney Todd: The
Demon _____ of Fleet Street
Barber
79.4%
_____ DreddJudge
77.4%
The Singing _____Nun
47.3%
Rabbit-Proof _____Fence
26.9%
The _____'s WifeAstronaut
26.3%
The _____, the Thief,
His Wife & Her Lover
Cook
24.8%
The Night of the _____Hunter
20.3%

Today's Daily Dose

You're not logged in!

Compare scores with friends on all Sporcle quizzes.
Join for Free
OR
Log In

You Might Also Like...

Show Comments

Extras

Top Quizzes Today


Score Distribution

Your Account Isn't Verified!

In order to create a playlist on Sporcle, you need to verify the email address you used during registration. Go to your Sporcle Settings to finish the process.

Report this User

Report this user for behavior that violates our Community Guidelines.

Details: